Vplyv plastifikačnej prísady Berament S na vlastnosti cementových kompozitov

Bibliographic Details
Main Authors: Unčík, Stanislav, 1959- (Author), Pánis, Roman (Author)
Format: Article
Language:Slovak
PhysicalDescription:Obr. 6, tab. 2, res. angl., nem. na s. 187, lit. 4 zázn. v češ., slov.
ISSN:1335-0846
Subjects:

MARC

LEADER 00000nab a2200000 a 4500
001 vtls000569188
003 SK-MaSNL
005 20260304095818.0
008 250425c1995 xo 0 slo
015 |a SNBRB19rr/mm-uuuuu 
035 |a CL0569326 
035 |a urn:nbn:sk:snk-abf2ni 
035 |a (urnnbn)urn:nbn:sk:snk:ar-007h0j 
035 |a (uuid)20914aa1-fe72-4618-9912-f42327dc6b11 
040 |a SNKBUCL  |b slo  |c SNKBUCL  |e AACR2 
041 0 |a slo 
044 |a xo  |c SK 
080 |a 666.972.16:691.34  |2 1981 
080 |a 691.34  |2 1981 
100 1 |a Unčík, Stanislav,  |d 1959-  |4 aut  |9 215176 
245 1 0 |a Vplyv plastifikačnej prísady Berament S na vlastnosti cementových kompozitov  |c Stanislav Unčík, Roman Pánis 
300 |b Obr. 6, tab. 2, res. angl., nem. na s. 187, lit. 4 zázn. v češ., slov. 
650 0 7 |a cementové kompozitné materiály  |2 snkbucl  |9 83970 
650 0 7 |a Berament S (prísada plastifikačná)  |2 snkbucl  |9 1393369 
655 7 |a články z novín a časopisov  |2 snkbucl  |9 267496 
700 1 |a Pánis, Roman  |4 aut  |9 791787 
773 0 |t Inžinierske stavby  |g Roč. 43, č. 6-7 (1995), s. 225-228  |x 1335-0846 
850 |a Slovenská národná knižnica 
852 |a Slovenská národná knižnica 
954 |a odborná, vedecká literatúra pôvodná (slovenská)  |2 lita 
958 |a article2022 
958 |a RK 
958 |a OND 
958 |a EUIPO 
992 |a RBX 
999 |c 2834540  |d 2836470